| 000 | 00648nam a2200229Ia 4500 | ||
|---|---|---|---|
| 003 | OSt | ||
| 005 | 20230428115906.0 | ||
| 008 | 210423s2005 xx 000 0 und d | ||
| 020 | _a9781842776452 | ||
| 040 | _cAL | ||
| 041 | _aeng | ||
| 082 |
_a338.9 _223 _bJOMK |
||
| 100 |
_aJOMO (K S) _994753 |
||
| 245 | _aPioneers of development economics: great economists on development | ||
| 260 |
_aNew York _bZed Books _c2005 |
||
| 300 |
_axiii,234 _bPB |
||
| 365 |
_b695 _cINR |
||
| 650 |
_aEconomics _994754 |
||
| 650 |
_aEconomics of Development _994755 |
||
| 906 | _adevelopment ; economics: ; economists ; great ; Pioneers | ||
| 942 |
_2ddc _cBK |
||
| 999 |
_c161281 _d161281 |
||